| 000 | 00355nam a22001217a 4500 | ||
|---|---|---|---|
| 082 | _a220 PRO | ||
| 100 |
_aASSAD,HAMMAD,NABEEGH, _972161 |
||
| 245 | _aPR-SOF-1123-STUDY AND ANALYSIS OF AUTOMATIC CENTRAL TIRE INFLATION SYSTEM | ||
| 260 |
_aISLAMABAD _bNUST COLLEGE OF EME _c2011 |
||
| 650 | _a DE-MECH-29 | ||
| 700 |
_aRAJA AMER AZIM _970284 |
||
| 942 | _cCR | ||
| 999 |
_c578321 _d578321 |
||